Sócrates y Platón : la identidad en sí misma diferente y la cuestión de lo divino al comienzo de la filosofía griega /

Furkejuvvon:
Bibliográfalaš dieđut
Váldodahkki: Gasparotti, Romano (autor)
Materiálatiipa: Girji
Giella:espánnjágiella
Almmustuhtton: Madrid, España : Akal, 1996, c1996
Ráidu:(Akal Historia del Pensamiento y la Cultura ; 10)
Fáttát:
Fáddágilkorat: Lasit fáddágilkoriid
Eai fáddágilkorat, Lasit vuosttaš fáddágilkora!

MARC

LEADER 00000nam^a2200000^a^4500
001 000395139
005 20250521000000.0
009 20260310121355.676
020 |a 84-460-0589-1 
037 |a Acervo Xavier Clavigero 
041 |a ESP 
082 |a 184.  |b PLA EST GAS 
100 |a Gasparotti, Romano  |e (autor) 
245 1 0 |a Sócrates y Platón :  |b la identidad en sí misma diferente y la cuestión de lo divino al comienzo de la filosofía griega /  |c R. Gasparotti ; tr. por Mar García Lozano. 
264 4 |a Madrid, España :  |b Akal,  |c 1996, c1996 
300 |a 64 p. 
336 |a texto  |b txt  |2 rdacontenido 
337 |a sin mediación  |b n  |2 rdamedio 
338 |a volumen  |b nc  |2 rdasoporte 
440 1 |a (Akal Historia del Pensamiento y la Cultura ;  |v 10) 
521 |a Peticiones 2017 
545 0 |a Platón (427-347 a.C.), filósofo griego nacido en Atenas. En el año 387 a.C. fundó en su ciudad natal la Academia, considerada la primera escuela docente de filosofía. Su pensamiento se recoge en los aproximadamente 30 diálogos y cartas que escribió, los cuales se clasifican en cuatro etapas: de la juventud o influjo socrático, de la transición, de la madurez y de la vejez. Su pensamiento plantea la aspiración del hombre por el conocimiento, el bien, la armonía con la ciudad y su relación con lo divino; en consecuencia sus diálogos abordan principalmente temáticas de epistemología, ética, estética, cosmología, educación y política. 
649 |a XX 
650 |a Filósofos Griegos 
650 |a Identidad 
650 |a Substancia (Filosofía) 
650 |a Mitología Griega 
650 |a Filosofía y Religión 
650 |a Escuela Platónica (Academia) -  |x Historia y Crítica -  |x Tema Principal 
650 |a Socráticos -  |x Historia y Crítica 
650 |a Filosofía Griega -  |x Historia y Crítica 
650 |a Filosofía Clásica -  |x Historia y Crítica 
650 |a Sócrates -  |x Tema Principal 
650 |a Platón -  |x Tema Principal 
650 |a Aristóteles 
650 |a Plotino 
910 |a Fondo General 
920 |a Impresos - Libros 
930 |a Colección General 
905 |a 101 
901 |a 0500290350  |b IT1  |c ACC  |i FXC C1517  |u 20250521 
902 |a https://opac.biblio.iteso.mx/vufind/Record/000395139